000 01412cam a2200361 a 4500
001 10271894
003 ARRUPE
005 20160411112633.0
006 m d
007 cr n
008 120308s2011||||enk|||||s|||||||||||eng d
020 _a9780141441672 (print)
035 _a(WaSeSS)ssj0000749309
040 _aWaSeSS
_cWaSeSS
_dWaSeSS
043 _af------
050 4 _aPR6005.O4
100 1 _aConrad, Joseph,
_d1857-1924.
_923592
210 1 0 _aHeart of darkness
245 1 0 _aHeart of darkness
_hwith the Congo diary
_cJoseph Conrad.
260 _aLondon :
_bPenguin Books,
_c1995
300 _ali, 166p. ;
_c20cm.
490 1 _aPenguin Classics
500 _aEdited with introduction and Notes by Owen Knowles; The Congo diary, edited with notes by Robert Hampson.
506 _aLicense restrictions may limit access.
534 _pOriginally published:
_tHeart of darkness [in, Heart of darkness]
_cHarmondsworth : Penguin Books, c2007.
_exlviii, 136 p.
_z9780141441672
700 1 _aHampson, Robert.
_923596
740 0 _aHeart of darkness.
773 0 _tLiterature Online (LION)
776 0 8 _iPrint version:
_aConrad, Joseph, 1857-1924.
_tHeart of darkness.
_dCambridge : ProQuest LLC ; Harmondsworth : Penguin Books, c2011, c2007
_z9780141441672
830 0 _aPenguin classics.
_923597
910 _aSerials Solutions original record
942 _2lcc
_cMONOGRAPH
999 _c124540
_d124540